[Event "LSS SF-2021-0-00507"]
[Site "LSS email"]
[Date "2021.03.14"]
[Round "?"]
[White "Wakeham, Marc"]
[Black "Piacentile, Carmine"]
[Result "1-0"]
[WhiteElo "1137"]
[BlackElo "1197"]
[PlyCount "41"]
[EventDate "2021.01.10"]
[EventType "tourn (corr)"]
[EventRounds "6"]
[EventCountry "GER"]
[SourceTitle "Corr 2024"]
[Source "ChessBase"]
[SourceDate "2023.10.19"]
[SourceVersion "1"]
[SourceVersionDate "2023.10.19"]
[SourceQuality "1"]

1. e4 Nc6 2. Nf3 e5 3. Bc4 Nf6 4. Ng5 d5 5. exd5 Nxd5 6. Nxf7 Kxf7 7. Qf3+ Ke6 8. Nc3 Nce7 9. 0-0 c6 10. d4 b5 11. Bb3 g6 12. Re1 Bg7 13. Nxd5 cxd5 14. Bh6 Bxh6 15. Rxe5+ Kd6 16. Rae1 Rf8 17. Qc3 Bb7 18. Qc5+ Kd7 19. Rxe7+ Qxe7 20. Rxe7+ Kd8 21. Qc7# 1-0

[Event "LSS No Engine Cup 215 Preliminary 0"]
[Site "LSS email"]
[Date "2021.03.13"]
[Round "?"]
[White "Hoehne, Ernst"]
[Black "Piacentile, Carmine"]
[Result "1-0"]
[WhiteElo "2071"]
[BlackElo "1541"]
[PlyCount "39"]
[EventDate "2021.03.13"]
[EventType "tourn (corr)"]
[EventRounds "6"]
[EventCountry "GER"]
[SourceTitle "Corr 2024"]
[Source "ChessBase"]
[SourceDate "2023.10.19"]
[SourceVersion "1"]
[SourceVersionDate "2023.10.19"]
[SourceQuality "1"]

1. d4 d5 2. Nf3 Nf6 3. c4 e6 4. Nc3 Bd6 5. Bg5 c6 6. e3 0-0 7. Bd3 b6 8. cxd5 exd5 9. 0-0 Bg4 10. h3 Be6 11. e4 Nbd7 12. e5 Be7 13. exf6 Nxf6 14. Re1 Nh5 15. Ne5 Bxg5 16. Nxc6 Qd6 17. Qxh5 h6 18. Ne5 f6 19. Qg6 a6 20. Qh7# 1-0

[Event "LSS No Engine Cup 215 Preliminary 0"]
[Site "LSS email"]
[Date "2021.03.13"]
[Round "?"]
[White "Piacentile, Carmine"]
[Black "Obrien, Glenn"]
[Result "0-1"]
[WhiteElo "1541"]
[BlackElo "1702"]
[PlyCount "36"]
[EventDate "2021.03.13"]
[EventType "tourn (corr)"]
[EventRounds "6"]
[EventCountry "GER"]
[SourceTitle "Corr 2024"]
[Source "ChessBase"]
[SourceDate "2023.10.19"]
[SourceVersion "1"]
[SourceVersionDate "2023.10.19"]
[SourceQuality "1"]

1. d4 Nf6 2. Nf3 g6 3. e3 Bg7 4. Nc3 0-0 5. Bd3 d6 6. h3 Nbd7 7. b3 c5 8. Bb2 cxd4 9. exd4 Bh6 10. 0-0 Nb6 11. Ne5 dxe5 12. dxe5 Nfd5 13. Be4 Nxc3 14. Bxc3 Qc7 15. Ba5 Qxe5 16. Qe1 f5 17. Bd5+ Qxd5 18. Rd1 Qe6 0-1

[Event "LSS SF-2021-0-00507"]
[Site "LSS email"]
[Date "2021.03.08"]
[Round "?"]
[White "Csoma, Robert"]
[Black "Piacentile, Carmine"]
[Result "1-0"]
[WhiteElo "1156"]
[BlackElo "1197"]
[PlyCount "51"]
[EventDate "2021.01.10"]
[EventType "tourn (corr)"]
[EventRounds "6"]
[EventCountry "GER"]
[SourceTitle "Corr 2024"]
[Source "ChessBase"]
[SourceDate "2023.10.19"]
[SourceVersion "1"]
[SourceVersionDate "2023.10.19"]
[SourceQuality "1"]

1. d4 d5 2. c4 Nf6 3. cxd5 Nxd5 4. e4 Nb6 5. Nf3 e6 6. Bd3 Bb4+ 7. Nc3 Nc6 8. Be3 Na4 9. Qxa4 Bxc3+ 10. bxc3 Bd7 11. Qc2 0-0 12. 0-0 Re8 13. Rab1 Na5 14. e5 h6 15. Be4 c6 16. c4 f5 17. exf6 Qxf6 18. Ne5 Rad8 19. Qc3 b6 20. Nxd7 Rxd7 21. Rbd1 e5 22. d5 Qd8 23. g3 c5 24. Bf5 Rf7 25. Bg6 Qd7 26. Bxf7+ 1-0

[Event "SD-2020-0-00314"]
[Site "LSS email"]
[Date "2020.12.06"]
[Round "?"]
[White "Piacentile, Carmine"]
[Black "Trevis, Robert"]
[Result "0-1"]
[WhiteElo "1541"]
[BlackElo "1358"]
[PlyCount "58"]
[EventDate "2020.05.16"]
[EventType "tourn (corr)"]
[EventRounds "6"]
[EventCountry "GER"]
[SourceTitle "Corr 2024"]
[Source "ChessBase"]
[SourceDate "2023.10.19"]
[SourceVersion "1"]
[SourceVersionDate "2023.10.19"]
[SourceQuality "1"]

1. d4 Nf6 2. Nc3 d5 3. e3 e6 4. Nf3 Bb4 5. Bd2 0-0 6. Bd3 Nc6 7. 0-0 Bd7 8. Re1 Qe7 9. e4 Bxc3 10. bxc3 dxe4 11. Bxe4 Nxe4 12. Rxe4 Qa3 13. Bf4 Qxc3 14. Ne5 Nxe5 15. Bxe5 f6 16. Re3 Qc4 17. Bg3 Rad8 18. c3 c5 19. Bd6 Ba4 20. Qd3 Qxd3 21. Rxd3 Rxd6 22. Rd2 Bc6 23. Rb1 Rfd8 24. Rbd1 e5 25. a4 cxd4 26. cxd4 Rxd4 27. Rxd4 Rxd4 28. Rxd4 exd4 29. Kf1 Bxa4 0-1

[Event "RD-2020-0-00164"]
[Site "LSS email"]
[Date "2020.12.02"]
[Round "?"]
[White "Stringa, Alejandro"]
[Black "Piacentile, Carmine"]
[Result "1-0"]
[WhiteElo "1561"]
[BlackElo "1541"]
[PlyCount "57"]
[EventDate "2020.02.08"]
[EventType "tourn (corr)"]
[EventRounds "6"]
[EventCountry "GER"]
[SourceTitle "Corr 2022"]
[Source "ChessBase"]
[SourceDate "2021.10.24"]
[SourceVersion "1"]
[SourceVersionDate "2021.10.24"]
[SourceQuality "1"]

1. d4 d5 2. c4 Nf6 3. Nc3 e6 4. cxd5 exd5 5. Bg5 Nc6 6. Nf3 h6 7. Bf4 a6 8. e3 Bd6 9. Bxd6 Qxd6 10. Bd3 Bg4 11. h3 Bh5 12. 0-0 0-0-0 13. Rc1 g5 14. Na4 Nb4 15. Bf5+ Kb8 16. g4 Bg6 17. Bxg6 fxg6 18. Ne5 Nxa2 19. Rc5 Rhf8 20. Qb3 Ne4 21. Nc6+ Ka8 22. Nxd8 Rxd8 23. Qxa2 b5 24. Rxb5 axb5 25. Nc5+ Kb8 26. Ra1 Qc6 27. Qa7+ Kc8 28. Qa8+ Qxa8 29. Rxa8# 1-0

[Event "RD-2020-0-00164"]
[Site "LSS email"]
[Date "2020.11.27"]
[Round "?"]
[White "Piacentile, Carmine"]
[Black "Carlsen, Jan"]
[Result "0-1"]
[WhiteElo "1541"]
[BlackElo "1455"]
[PlyCount "82"]
[EventDate "2020.02.08"]
[EventType "tourn (corr)"]
[EventRounds "6"]
[EventCountry "GER"]
[SourceTitle "Corr 2022"]
[Source "ChessBase"]
[SourceDate "2021.10.24"]
[SourceVersion "1"]
[SourceVersionDate "2021.10.24"]
[SourceQuality "1"]

1. d4 Nf6 2. e4 g6 3. e5 Nh5 4. g4 Ng7 5. Nc3 h5 6. g5 Nf5 7. Bf4 d6 8. Bb5+ c6 9. Ba4 Bg7 10. Nf3 dxe5 11. Bxe5 Bxe5 12. dxe5 Qb6 13. Nd5 Qa5+ 14. Qd2 Qxa4 15. Nc7+ Kf8 16. Nxa8 Qe4+ 17. Qe2 Qxe2+ 18. Kxe2 Na6 19. Rad1 Kg7 20. c3 Be6 21. b3 Rxa8 22. Rd2 Nc7 23. c4 c5 24. Rhd1 Bc8 25. Rd8 Ne6 26. Re8 b6 27. Kf1 Bb7 28. Rxa8 Bxa8 29. Nd2 Nf4 30. Kg1 Nd4 31. f3 Nh3+ 32. Kf1 Nxg5 33. f4 Nge6 34. Kf2 Nxf4 35. Ke3 Nfe6 36. Ne4 Nf5+ 37. Kd3 Nf4+ 38. Kc3 Bxe4 39. Rd7 g5 40. Rxa7 g4 41. a4 h4 0-1

[Event "LSS No Engine Cup 210 Preliminary 0"]
[Site "LSS email"]
[Date "2020.11.23"]
[Round "?"]
[White "Kelemen, Gyoergy"]
[Black "Piacentile, Carmine"]
[Result "1-0"]
[WhiteElo "2236"]
[BlackElo "1594"]
[PlyCount "51"]
[EventDate "2020.11.23"]
[EventType "tourn (corr)"]
[EventRounds "6"]
[EventCountry "GER"]
[SourceTitle "Corr 2022"]
[Source "ChessBase"]
[SourceDate "2021.10.24"]
[SourceVersion "1"]
[SourceVersionDate "2021.10.24"]
[SourceQuality "1"]

1. c4 c5 2. g3 Nf6 3. Bg2 d6 4. Nf3 Nc6 5. d4 d5 6. cxd5 Qxd5 7. Nc3 Qd8 8. d5 Nd4 9. Nxd4 cxd4 10. Qxd4 e6 11. 0-0 a6 12. Bf4 Bd6 13. dxe6 Be7 14. Qa4+ Kf8 15. exf7 b5 16. Qb3 Ra7 17. e4 b4 18. Rad1 Rd7 19. Ne2 Rxd1 20. Rxd1 Qb6 21. Be3 Qe6 22. Qc2 Kxf7 23. Nf4 Qxa2 24. e5 Rd8 25. Rxd8 Bxd8 26. Qxc8 1-0

[Event "LSS No Engine Cup 210 Preliminary 0"]
[Site "LSS email"]
[Date "2020.11.23"]
[Round "?"]
[White "Kuttner, Jaromir"]
[Black "Piacentile, Carmine"]
[Result "1-0"]
[WhiteElo "1087"]
[BlackElo "1594"]
[PlyCount "29"]
[EventDate "2020.11.23"]
[EventType "tourn (corr)"]
[EventRounds "6"]
[EventCountry "GER"]
[SourceTitle "Corr 2022"]
[Source "ChessBase"]
[SourceDate "2021.10.24"]
[SourceVersion "1"]
[SourceVersionDate "2021.10.24"]
[SourceQuality "1"]

1. e4 e5 2. Nf3 Nf6 3. Nxe5 Nxe4 4. Qe2 d5 5. d3 f6 6. Qh5+ g6 7. Nxg6 Bc5 8. Nxh8+ Ke7 9. Qf7+ Kd6 10. dxe4 dxe4 11. Bb5 Nd7 12. Bf4+ Ne5 13. Nc3 c6 14. 0-0-0+ Bd4 15. Nxe4# 1-0

[Event "LSS No Engine Cup 210 Preliminary 0"]
[Site "LSS email"]
[Date "2020.11.23"]
[Round "?"]
[White "Piacentile, Carmine"]
[Black "Mostowik, Daniel"]
[Result "0-1"]
[WhiteElo "1594"]
[BlackElo "1600"]
[PlyCount "64"]
[EventDate "2020.11.23"]
[EventType "tourn (corr)"]
[EventRounds "6"]
[EventCountry "GER"]
[SourceTitle "Corr 2022"]
[Source "ChessBase"]
[SourceDate "2021.10.24"]
[SourceVersion "1"]
[SourceVersionDate "2021.10.24"]
[SourceQuality "1"]

1. d4 Nf6 2. Nc3 d5 3. Nf3 e6 4. a3 c5 5. e3 b6 6. b4 cxb4 7. axb4 Bxb4 8. Bd2 0-0 9. Bd3 Nc6 10. 0-0 Bb7 11. Ne5 a5 12. h3 Nxe5 13. dxe5 Nd7 14. Ne2 Bxd2 15. Qxd2 Nxe5 16. Ra3 Nxd3 17. cxd3 b5 18. Rc1 b4 19. Rb3 Qd7 20. d4 Ba6 21. Nf4 Bc4 22. Rbb1 Qb5 23. f3 Rfd8 24. Kh2 b3 25. e4 a4 26. exd5 exd5 27. Rd1 Re8 28. Nd3 Bxd3 29. Qxd3 Qxd3 30. Rxd3 g6 31. Kg3 Re2 32. Rc3 Rd2 0-1

[Event "OP-2020-0-05041"]
[Site "LSS email"]
[Date "2020.10.24"]
[Round "?"]
[White "Ederer, Karel"]
[Black "Piacentile, Carmine"]
[Result "1-0"]
[WhiteElo "2096"]
[BlackElo "1541"]
[PlyCount "43"]
[EventDate "2020.10.24"]
[EventType "tourn (corr)"]
[EventRounds "4"]
[EventCountry "GER"]
[SourceTitle "Corr 2022"]
[Source "ChessBase"]
[SourceDate "2021.10.24"]
[SourceVersion "1"]
[SourceVersionDate "2021.10.24"]
[SourceQuality "1"]

1. e4 e5 2. Nf3 Nf6 3. Nxe5 Nxe4 4. Qe2 d5 5. d3 f6 6. Qh5+ g6 7. Nxg6 hxg6 8. Qxg6+ Ke7 9. dxe4 dxe4 10. Bc4 Qd4 11. Qf7+ Kd8 12. Nc3 Bd7 13. Be3 Qe5 14. 0-0-0 Qe7 15. Nxe4 Qxf7 16. Bxf7 f5 17. Nc5 Bxc5 18. Bxc5 Na6 19. Bd4 c5 20. Bxh8 Kc7 21. Be5+ Kc6 22. Rd6+ 1-0

[Event "OP-2020-0-05040"]
[Site "LSS email"]
[Date "2020.10.23"]
[Round "?"]
[White "Piacentile, Carmine"]
[Black "Verich, Oleg"]
[Result "0-1"]
[WhiteElo "1541"]
[BlackElo "1127"]
[PlyCount "96"]
[EventDate "2020.10.22"]
[EventType "tourn (corr)"]
[EventRounds "4"]
[EventCountry "GER"]
[SourceTitle "Corr 2022"]
[Source "ChessBase"]
[SourceDate "2021.10.24"]
[SourceVersion "1"]
[SourceVersionDate "2021.10.24"]
[SourceQuality "1"]

1. d4 Nf6 2. e3 d5 3. Nf3 Bg4 4. Be2 e6 5. Nc3 Nbd7 6. Ne5 Bxe2 7. Qxe2 Bb4 8. Bd2 0-0 9. 0-0 Bxc3 10. Bxc3 Ne4 11. Bb4 Re8 12. c4 f6 13. Nxd7 Qxd7 14. c5 a5 15. Ba3 c6 16. b4 e5 17. bxa5 Rxa5 18. Bb4 Ra4 19. a3 exd4 20. Qc2 Ra6 21. exd4 Qf7 22. Rfe1 b5 23. f3 Ng5 24. Bc3 Rea8 25. Bb4 Ne6 26. Bc3 Re8 27. g3 Ng5 28. Kg2 g6 29. Re2 Rxe2+ 30. Qxe2 Qe6 31. Re1 Qxe2+ 32. Rxe2 Rxa3 33. Bd2 Nxf3 34. Re3 Rxe3 35. Bxe3 Ne1+ 36. Kf1 Nc2 37. Ke2 Nxe3 38. Kxe3 Kf7 39. Kd2 Ke6 40. Kc3 Kf5 41. Kb4 h5 42. Ka5 Ke6 43. Kb6 Kd7 44. Ka5 g5 45. Kb4 f5 46. Ka5 f4 47. gxf4 gxf4 48. Kb6 f3 0-1

[Event "OP-2020-0-05026"]
[Site "LSS email"]
[Date "2020.09.25"]
[Round "?"]
[White "Molina, Vicente Andres"]
[Black "Piacentile, Carmine"]
[Result "1-0"]
[WhiteElo "601"]
[BlackElo "1611"]
[PlyCount "67"]
[EventDate "2020.09.25"]
[EventType "tourn (corr)"]
[EventRounds "4"]
[EventCountry "GER"]
[SourceTitle "Corr 2022"]
[Source "ChessBase"]
[SourceDate "2021.10.24"]
[SourceVersion "1"]
[SourceVersionDate "2021.10.24"]
[SourceQuality "1"]

1. e4 e5 2. Nf3 Nc6 3. Bb5 Nf6 4. d3 Bc5 5. 0-0 0-0 6. c3 a6 7. Bc4 b5 8. Bb3 h6 9. Be3 d6 10. Bxc5 dxc5 11. Qe2 b4 12. Rd1 a5 13. Nbd2 a4 14. Bc4 Qd6 15. Nf1 a3 16. Ne3 bxc3 17. Nf5 Qd7 18. bxc3 Qd8 19. Rab1 Bxf5 20. exf5 Rb8 21. Nxe5 Re8 22. Rxb8 Qxb8 23. f4 Nxe5 24. fxe5 Nd7 25. e6 fxe6 26. Bxe6+ Kh7 27. Qg4 Ne5 28. Qe4 c6 29. d4 cxd4 30. cxd4 Qd6 31. f6+ g6 32. Re1 Rxe6 33. dxe5 Rxe5 34. Qxe5 1-0

[Event "OP-2020-0-05026"]
[Site "LSS email"]
[Date "2020.09.25"]
[Round "?"]
[White "Piacentile, Carmine"]
[Black "Shim Ng Min, Francis"]
[Result "0-1"]
[WhiteElo "1611"]
[BlackElo "1157"]
[PlyCount "78"]
[EventDate "2020.09.25"]
[EventType "tourn (corr)"]
[EventRounds "4"]
[EventCountry "GER"]
[SourceTitle "Corr 2022"]
[Source "ChessBase"]
[SourceDate "2021.10.24"]
[SourceVersion "1"]
[SourceVersionDate "2021.10.24"]
[SourceQuality "1"]

1. e4 c5 2. c4 e5 3. Nf3 Nc6 4. Be2 Nf6 5. Nc3 d6 6. a3 Be7 7. 0-0 0-0 8. d3 Nd4 9. b4 Nxe2+ 10. Qxe2 b6 11. h3 h6 12. b5 Be6 13. a4 Qc7 14. Bd2 Kh7 15. Nd5 Nxd5 16. exd5 Bf5 17. a5 Bf6 18. a6 e4 19. dxe4 Bxa1 20. Rxa1 Rae8 21. Qd1 Bxe4 22. Nh4 Qe7 23. Qg4 Qf6 24. Rc1 Bg6 25. Nxg6 Qxg6 26. Qd7 Ra8 27. Bf4 Rfd8 28. Qg4 Qxg4 29. hxg4 Rd7 30. Kh2 Re8 31. g3 f6 32. Kg2 Kg6 33. Rc2 Kf7 34. f3 Ree7 35. Kh3 Ke8 36. Rc3 Re2 37. Re3+ Rxe3 38. Bxe3 Re7 39. Bf4 Kd7 0-1

[Event "OP-2020-0-05025"]
[Site "LSS email"]
[Date "2020.09.22"]
[Round "?"]
[White "Piacentile, Carmine"]
[Black "Ederer, Karel"]
[Result "0-1"]
[WhiteElo "1611"]
[BlackElo "2074"]
[PlyCount "30"]
[EventDate "2020.09.22"]
[EventType "tourn (corr)"]
[EventRounds "4"]
[EventCountry "GER"]
[SourceTitle "Corr 2022"]
[Source "ChessBase"]
[SourceDate "2021.10.24"]
[SourceVersion "1"]
[SourceVersionDate "2021.10.24"]
[SourceQuality "1"]

1. e4 c5 2. Bc4 e6 3. Nf3 Nc6 4. c3 d5 5. exd5 exd5 6. Bd3 Nf6 7. b3 Bd6 8. Qe2+ Kf8 9. 0-0 Bg4 10. Bb2 Ne5 11. h3 Bxf3 12. gxf3 Nh5 13. f4 Nxf4 14. Qe3 Nexd3 15. Ba3 Qg5+ 0-1

[Event "LSS No Engine Cup 206 Preliminary 0"]
[Site "LSS email"]
[Date "2020.08.24"]
[Round "?"]
[White "Pehl, Ferenc"]
[Black "Piacentile, Carmine"]
[Result "1-0"]
[WhiteElo "1146"]
[BlackElo "1699"]
[PlyCount "93"]
[EventDate "2020.08.24"]
[EventType "tourn (corr)"]
[EventRounds "6"]
[EventCountry "GER"]
[SourceTitle "Corr 2022"]
[Source "ChessBase"]
[SourceDate "2021.10.24"]
[SourceVersion "1"]
[SourceVersionDate "2021.10.24"]
[SourceQuality "1"]

1. e4 Nc6 2. d4 d5 3. e5 e6 4. Nf3 f6 5. exf6 Nxf6 6. Nc3 Ne4 7. Bd2 Qf6 8. Be3 Nxc3 9. bxc3 Bd6 10. Bb5 Bd7 11. Bxc6 Bxc6 12. 0-0 h6 13. h3 g5 14. Re1 0-0-0 15. Nh2 h5 16. Qf3 Qg6 17. Qe2 g4 18. h4 g3 19. Nf3 gxf2+ 20. Bxf2 Rdg8 21. Qf1 Rg7 22. Ne5 Bxe5 23. Rxe5 Rhg8 24. Rg5 Qxc2 25. Rxg7 Rxg7 26. Qc1 Qe4 27. Qf1 Bd7 28. g3 a6 29. Qe1 Qg6 30. Rc1 Re7 31. Kh2 Qf5 32. Bg1 e5 33. Qf1 Qg4 34. Rc2 Bb5 35. Qh3 e4 36. Qxg4+ hxg4 37. Be3 Bd3 38. Rf2 Re8 39. Rf7 Rd8 40. h5 Rd7 41. Rf8+ Rd8 42. Rxd8+ Kxd8 43. h6 c6 44. h7 Kc7 45. h8Q Kb6 46. Qf8 Bb1 47. Qb4+ 1-0

[Event "LSS No Engine Cup 206 Preliminary 0"]
[Site "LSS email"]
[Date "2020.08.24"]
[Round "?"]
[White "Piacentile, Carmine"]
[Black "Bengoa, Josu"]
[Result "1-0"]
[WhiteElo "1699"]
[BlackElo "1600"]
[PlyCount "55"]
[EventDate "2020.08.24"]
[EventType "tourn (corr)"]
[EventRounds "6"]
[EventCountry "GER"]
[SourceTitle "Corr 2022"]
[Source "ChessBase"]
[SourceDate "2021.10.24"]
[SourceVersion "1"]
[SourceVersionDate "2021.10.24"]
[SourceQuality "1"]

1. e4 e5 2. Nf3 Nc6 3. Nc3 Nf6 4. d3 Bc5 5. Nd5 Nd4 6. Nxe5 0-0 7. Bg5 d6 8. Nc4 Be6 9. Nxf6+ gxf6 10. Bh6 Re8 11. Ne3 d5 12. c3 Nc6 13. Ng4 Ne5 14. d4 Nxg4 15. dxc5 Nxh6 16. h3 dxe4 17. Qh5 Nf5 18. Be2 e3 19. Qg4+ Kf8 20. 0-0 Nd4 21. Qxd4 exf2+ 22. Rxf2 f5 23. Rd1 Qe7 24. a4 a5 25. Bf3 Rad8 26. Qe5 Rxd1+ 27. Bxd1 c6 28. Qh8# 1-0

[Event "LSS No Engine Cup 206 Preliminary 0"]
[Site "LSS email"]
[Date "2020.08.24"]
[Round "?"]
[White "Piacentile, Carmine"]
[Black "Boni, Roberto"]
[Result "0-1"]
[WhiteElo "1699"]
[BlackElo "1951"]
[PlyCount "42"]
[EventDate "2020.08.24"]
[EventType "tourn (corr)"]
[EventRounds "6"]
[EventCountry "GER"]
[SourceTitle "Corr 2022"]
[Source "ChessBase"]
[SourceDate "2021.10.24"]
[SourceVersion "1"]
[SourceVersionDate "2021.10.24"]
[SourceQuality "1"]

1. e4 c5 2. Nf3 d6 3. d4 cxd4 4. Nxd4 Nf6 5. Bd3 Nc6 6. Nxc6 bxc6 7. b3 e5 8. Bg5 Be7 9. 0-0 h6 10. Bxf6 Bxf6 11. Qf3 Be6 12. Nd2 d5 13. c4 0-0 14. exd5 cxd5 15. Bf5 e4 16. Qe3 Bxf5 17. cxd5 Bxa1 18. Rxa1 Qxd5 19. Nc4 Rfd8 20. Nb2 Rac8 21. h3 Qe5 0-1

[Event "LSS No Engine Cup 125 Final"]
[Site "LSS email"]
[Date "2015.10.19"]
[Round "?"]
[White "Piacentile, Carmine"]
[Black "Crapulli, Giuseppe"]
[Result "0-1"]
[WhiteElo "1729"]
[BlackElo "2133"]
[PlyCount "42"]
[EventDate "2015.10.20"]
[EventType "tourn (corr)"]
[EventRounds "6"]
[EventCountry "GER"]
[SourceTitle "Corr 2022"]
[Source "ChessBase"]
[SourceDate "2021.10.24"]
[SourceVersion "1"]
[SourceVersionDate "2021.10.24"]
[SourceQuality "1"]

1. d4 Nf6 2. Nc3 d5 3. Bf4 e6 4. e3 Bd6 5. Nf3 Bxf4 6. exf4 Nbd7 7. Be2 c5 8. 0-0 0-0 9. Qd2 b6 10. a4 Bb7 11. a5 Ne4 12. Nxe4 dxe4 13. Ne5 Nxe5 14. fxe5 Qxd4 15. Qc3 Rfd8 16. Qb3 Qd2 17. Rfe1 h6 18. Bf1 Qd5 19. Qg3 Bc6 20. c4 Qd2 21. Qb3 bxa5 0-1

[Event "LSS No Engine Cup 125 Preliminary 0"]
[Site "LSS email"]
[Date "2015.02.12"]
[Round "?"]
[White "Obrien, Glenn"]
[Black "Piacentile, Carmine"]
[Result "0-1"]
[WhiteElo "1809"]
[BlackElo "1686"]
[PlyCount "70"]
[EventDate "2015.02.13"]
[EventType "tourn (corr)"]
[EventRounds "6"]
[EventCountry "GER"]
[SourceTitle "Corr 2022"]
[Source "ChessBase"]
[SourceDate "2021.10.24"]
[SourceVersion "1"]
[SourceVersionDate "2021.10.24"]
[SourceQuality "1"]

1. e4 e5 2. Nf3 Nc6 3. Bb5 d6 4. d4 exd4 5. Nxd4 Bd7 6. Nc3 g6 7. Be3 Bg7 8. 0-0 Nf6 9. f3 Ne5 10. Bg5 h6 11. Bxd7+ Nexd7 12. Bxf6 Bxf6 13. Qd2 0-0 14. Rad1 Bg7 15. Nd5 c6 16. Ne3 Qc7 17. Nb3 Rad8 18. Qxd6 Qb6 19. Kf2 Bxb2 20. a4 Rfe8 21. a5 Qb5 22. Rh1 Kg7 23. Ng4 Nf6 24. Nxf6 Bxf6 25. Qc7 Qc4 26. Rxd8 Bxd8 27. Qd7 Qxc2+ 28. Kg3 Bh4+ 29. Kh3 Re5 30. Nd4 Qf2 31. Qxb7 Bd8 32. g4 Rxa5 33. Qb3 Ra2 34. Qxa2 Qxa2 35. Rc1 Qf2 0-1

[Event "LSS No Engine Cup 125 Preliminary 0"]
[Site "LSS email"]
[Date "2015.02.12"]
[Round "?"]
[White "Piacentile, Carmine"]
[Black "Huseby, Juan Carlos"]
[Result "1-0"]
[WhiteElo "1686"]
[BlackElo "784"]
[PlyCount "53"]
[EventDate "2015.02.13"]
[EventType "tourn (corr)"]
[EventRounds "6"]
[EventCountry "GER"]
[SourceTitle "Corr 2022"]
[Source "ChessBase"]
[SourceDate "2021.10.24"]
[SourceVersion "1"]
[SourceVersionDate "2021.10.24"]
[SourceQuality "1"]

1. d4 Nf6 2. Nf3 e6 3. Bf4 Ne4 4. Nbd2 Qf6 5. Bxc7 Bb4 6. c3 Bd6 7. Nxe4 Qf4 8. Nxd6+ Kf8 9. e3 Qg4 10. Nxc8 Nc6 11. h3 Qe4 12. Nd6 Qg6 13. Nxb7 Ke7 14. Bd6+ Ke8 15. d5 exd5 16. Bc5 Qe6 17. Nd6+ Kd8 18. Bb5 a5 19. Ng5 Qg6 20. Qxd5 Kc7 21. Bxc6 dxc6 22. Qe5 Kd7 23. 0-0-0 Rad8 24. Ndxf7+ Kc8 25. Nxh8 Qh5 26. Rxd8+ Kb7 27. Qb8+ 1-0

[Event "OP-2014-0-03324"]
[Site "LSS email"]
[Date "2014.03.08"]
[Round "?"]
[White "Lund, Steven"]
[Black "Piacentile, Carmine"]
[Result "0-1"]
[WhiteElo "1191"]
[BlackElo "1573"]
[PlyCount "56"]
[EventDate "2014.03.05"]
[EventType "tourn (corr)"]
[EventRounds "4"]
[EventCountry "GER"]
[SourceTitle "Telechess CBM 167"]
[Source "ChessBase"]
[SourceDate "2015.07.13"]
[SourceVersion "1"]
[SourceVersionDate "2015.07.13"]
[SourceQuality "1"]

1. c4 e5 2. g3 Bc5 3. Nc3 Nf6 4. Bg2 Nc6 5. Nf3 d6 6. e3 Bb6 7. 0-0 0-0 8. d3 Be6 9. b3 h6 10. Bb2 Qd7 11. a3 Bh3 12. Re1 Bxg2 13. Kxg2 a6 14. d4 e4 15. Nd2 Qf5 16. Qb1 Rfe8 17. Ndxe4 Nxe4 18. f3 Nxg3 19. hxg3 Qg5 20. Ne4 Qd8 21. Nf2 Qd7 22. Qd3 Rad8 23. e4 Ba7 24. Ng4 Qe7 25. Qd2 h5 26. Ne3 Qg5 27. Re2 Ne7 28. Rh1 Qg6 0-1

[Event "OP-2014-0-03324"]
[Site "LSS email"]
[Date "2014.03.08"]
[Round "?"]
[White "Piacentile, Carmine"]
[Black "Perez Martinez, Miguel A"]
[Result "1-0"]
[WhiteElo "1573"]
[BlackElo "800"]
[PlyCount "35"]
[EventDate "2014.03.05"]
[EventType "tourn (corr)"]
[EventRounds "4"]
[EventCountry "GER"]
[SourceTitle "Telechess CBM 167"]
[Source "ChessBase"]
[SourceDate "2015.07.13"]
[SourceVersion "1"]
[SourceVersionDate "2015.07.13"]
[SourceQuality "1"]

1. d4 d5 2. Bf4 e6 3. e3 c6 4. Nc3 g5 5. Bg3 Nf6 6. Nf3 Bb4 7. a3 Bxc3+ 8. bxc3 Ne4 9. Bd3 Nxc3 10. Qd2 Qa5 11. Be5 g4 12. Ng1 Rg8 13. Ne2 Rg5 14. Nxc3 b6 15. Bd6 f5 16. Bb4 Qa6 17. Bxa6 Bxa6 18. e4 1-0